Aventuras dos cavaleiros da Távola Redonda (Registo nº 260)

Detalhes MARC
000 -Etiqueta do registo
Cabeçalho 00862nam0a2200253 4500
005 - Identificador da versão
Campo de controlo 20240813121758.0
095 ## -
-- PTBN00111823
021 ## - Número do Depósito Legal
Código do país PT
Número 19989/88
100 ## - Dados gerais de processamento
Dados gerais de processamento 20160707d1988 de y0pory5003 ba
102 ## - Pais de publicação ou produção
País de publicação Portugal
101 1# - Língua de publicação
Língua do texto, banda sonora, etc. Português
Língua do documento no original Francês
215 ## - Descrição física 
Indicação específica da natureza do documento e extensão da espécie 158, [2] p.
Outras indicações físicas il
200 1# - Titulo e menção de responsabilidade
Título próprio Aventuras dos cavaleiros da Távola Redonda
Primeira menção de responsabilidade lendas escolhidas e condensadas por Laurence Camiglieri
Outras menções de responsabilidade versão portuguesa de Maria das Mercês de Mendonça Soares
225 2# - Colecção 
Título próprio da colecção Lendas e narrativas
Indicação de volume 6
210 ## - Publicação, Distribuição, etc. 
Lugar da edição, distribuição, etc. Lisboa
Nome do editor, distribuidor, etc. Verbo
Data da publicação, distribuição, etc. D. L. 1988
606 ## - Nome comum usado como assunto
Número de registo de entrada de autoridade 0003094
Palavra de ordem Literstura francesa
Subdivisão de assunto Lendas
-- Contos
Código do sistema CA
675 ## - Classificação Decimal Universal (CDU)
Notação 821.133.1-343
Edição 3ª ed.
Língua da edição por
702 #1 - Nome de autor-pessoa física (responsabilidade secundária)
Número de registo de entrada de autoridade 0000705
Palavra de ordem Soares
Outra parte do nome não tomada para palavra de ordem Maria das Mercês de Mendonça
Código de função Adaptador
700 #1 - Nome de autor-pessoa física (responsabilidade principal)
Número de registo de entrada de autoridade 0003095
Palavra de ordem Camiglieri
Outra parte do nome não tomada para palavra de ordem Laurence
966 ## - Identificação da Biblioteca
Sigla EB2,3ENM
942 ## - Elementos de entrada adicionados (Koha)
Tipo de item no Koha Livro
Exemplares
Situação do levantamento Origin of item (home branch) (coded) Biblioteca de empréstimo Código de barras Cota Circulation type (not for loan) Tipo de documento Nota do exemplar Damaged status
  Biblioteca Escolar Eng. Nuno Mergulhão Biblioteca Escolar Eng. Nuno Mergulhão BENM8 82LE-34 CAM   Livro Sem mensagem